| 000 | 01511 a2200205 4500 | ||
|---|---|---|---|
| 001 | 43215 | ||
| 005 | 20260407155716.0 | ||
| 008 | 260407a1953 arg spa d | ||
| 003 | AR-UNSa-BCEJYS | ||
| 040 |
_aAR-UNSa-BCEJYS _bspa _cAR-UNSa-BCEJYS |
||
| 080 |
_a338.5.01 _xTeorías de los precios |
||
| 245 | 1 | 0 | _aLa teoría de los precios |
| 264 | 1 |
_aMadrid : _bRevista de Derecho Privado _c1953 |
|
| 300 |
_axiv, 403 p. _c22 cm. |
||
| 505 | _a1. Naturaleza y métodos de la economía - 2. Conceptos básicos: Competencia, estática y dinámica y equilibrio - 3. Las funciones de un sistemna económico: El sistema de empresa - 4. Relaciones cunatitativas fundamentales - 5. La teoría de la demanda - 6. Temas de la teoría de la demanda - 7. Naturaleza de los costes y la función de producción - 8. Leyes de rendimiento y curvas de coste - 9. Formación de los precios en condiciones de competencia - 10. Formación de los precios de los servicios productivos en condiciones de competencia - 11. Naturaleza y bases de la competencia imperfecta - 12. La demanda en condiciones de competencia imperfecta - 13. Los costes y la competencia imperfecta - 14. Formación de los precios en condiciones de competencia imperfecta - 15. Formación de los precios de los servicios productivos en condiciones de competencia imperfecta - 16. Teoría de los prodcutos múltiples - 17. Capital e interés | ||
| 041 | _aspa | ||
| 942 | _cBK | ||
| 590 | _aniveau_biblio:m niveau_hierar:0 | ||
| 100 | 1 | _aStigler, George J. | |
| 999 |
_c3667 _d3667 |
||